United National Indian Tribal Youth, Inc. /

Bibliographic Details
Main Author: Sagiri, Yumi
Corporate Author: National Youth Network (U.S.)
Format: Government Document Book
Language:English
Published: [Washington, DC] : U.S. Dept. of Justice, Office of Justice Programs, Office of Juvenile Justice and Delinquency Prevention, National Youth Network, [2001]
Series:Youth in action. Fact sheet ; YFS-00107.
Subjects:
Online Access:https://purl.fdlp.gov/GPO/LPS14668

MARC

Tag First Indicator Second Indicator Subfields
LEADER 00000cam a22000007a 4500
001 in00001637708
005 20211202194335.0
008 010906s2001 dcu f000 0 eng d
035 |a (OCoLC)ocm47990915 
040 |a GPO  |c GPO  |d DLC  |d MvI  |d UtOrBLW 
049 |a UDOC 
074 |a 0718-G-02 
074 |a 0718-G-02 (online) 
086 0 |a J 32.21/2:2001/7  |z J 32.21/2-2:2001/7 
100 1 |a Sagiri, Yumi. 
245 1 0 |a United National Indian Tribal Youth, Inc. /  |c by Yumi Sagiri. 
264 1 |a [Washington, DC] :  |b U.S. Dept. of Justice, Office of Justice Programs, Office of Juvenile Justice and Delinquency Prevention, National Youth Network,  |c [2001] 
300 |a 1 sheet. 
336 |a text  |b txt  |2 rdacontent 
337 |a unmediated  |b n  |2 rdamedia 
338 |a sheet  |b nb  |2 rdacarrier 
490 1 |a Youth in action. Fact sheet ;  |v YFS-00107 
500 |a Shipping list number: 2001-0297-P. 
500 |a Shipping List Date: 09/04/2001 
530 |a Also available via Internet from the NCJRS web site. Address as of 09/18/01: http://www.ncjrs.org/pdffiles1/ojjdp/yfs00107.pdf; current access is available via PURL. 
610 2 0 |a United National Indian Tribal Youth. 
650 0 |a Indian youth  |z United States. 
650 0 |a Young volunteers in community development  |z United States. 
710 2 |a National Youth Network (U.S.) 
830 0 |a Youth in action.  |p Fact sheet ;  |v YFS-00107. 
856 4 1 |u https://purl.fdlp.gov/GPO/LPS14668  |t 0 
999 |a MARS 
999 f f |s 3efa9ef0-553a-33c8-9c13-475014c31c0f  |i 2d9e36ae-7871-3c56-9a8f-fbc86134e3a8  |t 0 
952 f f |a Texas A&M University  |b College Station  |c Electronic Resources  |d Available Online  |t 0  |e J 32.21/2:2001/7  |h Superintendent of Documents classification 
998 f f |a J 32.21/2:2001/7  |t 0  |l Available Online